000 00774pam a2200241 i 4500
999 _c127320
_d127320
001 1353819
003 ARRUPE
005 20180110123702.0
008 800122s1980 deua b 000 0 eng
010 _a 80010444
020 _a0872077292
040 _aDLC
_cDLC
_dDLC
050 0 0 _aLB1050
_b.M345
082 0 0 _a428.4/07
245 0 0 _aMaking reading possible through effective classroom management /
_cedited by Diane Lapp.
260 _aNewark, Del. :
_bInternational Reading Association,
_cc1980.
300 _aviii, 240 p. :
_bill. ;
_c22 cm.
504 _aIncludes bibliographies.
650 0 _aReading.
_96733
650 0 _aClassroom management.
_934935
700 1 _aLapp, Diane.
_934936
906 _a7
_bcbc
_corignew
_d1
_eocip
_f19
_gy-gencatlg
942 _2lcc
_cMONOGRAPH